000 00902nam a2200205 i 4500
001 163041
003 ES-MaACL
005 20230906212646.0
008 970325s1870 sp |||| | spa d
080 _a930:061.22(460.27 M.)
100 1 _aSabau y Larroya, Pedro (
_d1807-1879)
_9101196
245 1 0 _aNoticia de las actas de la Academia de la Historia :
_bleída en Junta pública de 26 de junio de 1870 /
_cpor... don Pedro Sabau, académico de número y secretario.
260 _aMadrid :
_b[s.n.],
_c1870 (
_fImp. de José Rodríguez)
300 _aXIII, 61 p. ;
_c21 cm.
500 _aApéndice documental.
530 _aDisponible en formato digital.
610 2 4 _aReal Academia de la Historia (España)
_96309
852 4 _aES-MaACL
_jT-113-F-7
_z- Enc. hol.
_z- Enc. en un vol. facticio
856 4 _uhttp://bdh-rd.bne.es/viewer.vm?id=0000092327&page=1
_zBiblioteca Digital Hispánica
999 _c163041
_d163041